| 000 | 01156cam a22003135a 4500 | ||
|---|---|---|---|
| 001 | 15130559 | ||
| 005 | 20201128024343.0 | ||
| 008 | 080107s2006 enka frb 001 0 eng d | ||
| 020 | _a0335215041 | ||
| 020 | _a9780335215041 | ||
| 040 |
_aDLC _cDLC _dDLC _dEG-ScBUE _beng |
||
| 082 | 0 | 4 |
_222 _a370.72 _bBEL |
| 100 | 1 |
_aBell, Judith, _d1930- |
|
| 245 | 1 | 0 |
_aDoing your research project : _ba guide for first-time researchers in education, health and social science / _cJudith Bell. |
| 250 | _a4th ed., Reprint ed. | ||
| 260 |
_aMaidenhead : _bOpen University Press, _c2006. |
||
| 300 |
_axv, 267 p. : _bill. ; _c22 cm. |
||
| 500 | _aReprinted of 2005 ed. | ||
| 504 | _aIncludes bibliographical references and index. | ||
| 650 | 7 |
_aEducation _xResearch. _2BUEsh _912350 |
|
| 650 | 7 |
_aEducation _xResearch _xMethodology. _2BUEsh _91051 |
|
| 650 | 7 |
_aSocial sciences _xResearch. _2BUEsh _9775 |
|
| 650 | 7 |
_aSocial sciences _xResearch _xMethodology. _2BUEsh _920647 |
|
| 650 | 7 |
_aIndependent study. _2BUEsh |
|
| 651 | _2BUEsh | ||
| 653 |
_bGGEN _cMay2018 |
||
| 856 | 4 | 1 |
_3Table of contents only _uhttp://www.loc.gov/catdir/toc/fy0803/2008270154.html |
| 942 | _2ddc | ||
| 999 |
_c26723 _d26695 |
||